000 00617na a2200217 4500
001 18145
003 MIRAKIL
005 20181213154909.0
008 161112b tu 000 0
040 _aMilas
_btur
_cTR-AnCHP
041 _atur
082 _a328.561
_bK26t 1968
090 _a328.561 K26t 1968
100 _aKaraibrahimoğlu, Sacit
245 _aTürkiye Büyük Millet Meclisi
_cSacit Karaibrahimoğlu
246 _aTBMM
260 _aAnkara
_b[yayl. y.]
_c1968
_fEge Matbaası
300 _a302, iv s.
_bfotg.
_c23 sm.
610 _aTürkiye Büyük Millet Meclisi (TBMM)
_xTarih
942 _2ddc
_cBKS
999 _c2794
_d2794